| 000 | 00713nam a2200241Ia 4500 | ||
|---|---|---|---|
| 003 | OSt | ||
| 005 | 20220925201914.0 | ||
| 006 | a|||||r|||| 00| 0 | ||
| 007 | ta | ||
| 008 | 220923b |||||||| |||| 00| 0 eng d | ||
| 037 | _cGeneral Book | ||
| 040 |
_aRTL _cRTL _beng |
||
| 041 |
_2eng _aeng |
||
| 082 | _aV2fK, M2/RR | ||
| 100 |
_aHabib Irfan _96842 |
||
| 245 | 0 |
_aAtlas of the mughal empire _b Political and economic |
|
| 260 |
_aDelhi _bO U P India _c1982 |
||
| 300 |
_a105p. _ccm. |
||
| 490 | _aAligarh Muslim University Centre of Advanced study in History publication | ||
| 650 | _aIndia History | ||
| 942 |
_hV2fK, M2/RR _cGB _2CC |
||
| 999 |
_c541712 _d541712 |
||